Resultados del proyecto: (Registro nro. 20571)

Detalles MARC
000 -CABECERA
Campo de control 00960nam a22002417a 4500
005 - FECHA Y HORA DE LA ULTIMA TRANSACCION
Campo de control 20191108034849.0
008 - ELEMENTOS DE LONGITUD FIJA—INFORMACION GENERAL
Campo de control 191108b xxu||||| |||| 00| 0 spa d
040 ## - FUENTE DE CATALOGACIÓN
Agencia catalogadora original CO-BoIAVH
Agencia transcriptora CO-BoIAVH
041 ## - IDIOMA
Código de idioma para texto/pista de sonido o título separado Español
044 ## - PAÍS DE PUBLICACIÓN
País de publicación Panamá
082 ## - NUMERO DE CLASIFICACION DECIMAL DEWEY
Número de clasificación 577.698
Número del ítem P94r
110 ## - ASIENTO PRINCIPAL--NOMBRE CORPORATIVO
9 (RLIN) 33922
Nombre corporativo o de jurisdicción como elemento de entrada Programa de las Naciones Unidas para el Desarrollo (PNUD)
245 ## - MENCION DE TITULO
Título Resultados del proyecto:
Parte restante del título "Protección de reservas y sumideros de carbono en los manglares y áreas protegidas de panamá"
260 ## - PUBLICACION, DISTRIBUCION, ETC. (PIE DE IMPRENTA)
Lugar de publicación, distribución, etc. Republica de Panamá:
Nombre del editor, distribuidor, etc. Programa de las Naciones Unidas para el Desarrollo (PNUD),
-- MIAMBIENTE,
Fecha de publicación, distribución, etc. s.f.
300 ## - DESCRIPCION FISICA
Extensión 14 Páginas:
Otros detalles físicos fotografías y mapa,
Dimensiones 28 x 22 cm.
650 #0 - ASIENTO SECUNDARIO DE MATERIA - TERMINO TEMATICO
9 (RLIN) 2051
Término temático o nombre geográfico como elemento de entrada Investigación ambiental
650 #0 - ASIENTO SECUNDARIO DE MATERIA - TERMINO TEMATICO
9 (RLIN) 62907
Término temático o nombre geográfico como elemento de entrada Conservación de manglares
650 #0 - ASIENTO SECUNDARIO DE MATERIA - TERMINO TEMATICO
9 (RLIN) 101931
Término temático o nombre geográfico como elemento de entrada Zonas marino-costeras
650 #0 - ASIENTO SECUNDARIO DE MATERIA - TERMINO TEMATICO
9 (RLIN) 40129
Término temático o nombre geográfico como elemento de entrada Adaptación al cambio climático
650 #0 - ASIENTO SECUNDARIO DE MATERIA - TERMINO TEMATICO
9 (RLIN) 101932
Término temático o nombre geográfico como elemento de entrada Comunidades
Subdivisión geográfica Panamá
856 ## - LOCALIZACION Y ACCESO ELECTRONICOS
Identificador Uniforme del Recurso https://miambiente.gob.pa/
942 ## - ELEMENTOS ADICIONALES (KOHA)
Sistema de clasificación Dewey Decimal Classification
Tipo de ítem Libro
Existencias
Withdrawn status Lost status Sistema de Clasificación Damaged status No para préstamo Colección Ubicación Permanente Ubicación actual Fecha de adquisición Total Checkouts Número topográfico Inventario / Código de Barras Date last seen Ejemplar Price effective from Forma de adquisición Tipo de material
    Dewey Decimal Classification     General Bogotá Bogotá 08/11/2019   LB-577.698 P94r 043762 08/11/2019 Ej.1 08/11/2019 Canje Libro
    Dewey Decimal Classification     General Bogotá Bogotá 08/11/2019   LB-577.698 P94r 043763 08/11/2019 Ej.2 08/11/2019 Canje Libro
    Dewey Decimal Classification     General Bogotá Bogotá 08/11/2019   LB-577.698 P94r 043764 08/11/2019 Ej.3 08/11/2019 Canje Libro
    Dewey Decimal Classification     General Bogotá Bogotá 08/11/2019   LB-577.698 P94r 043765 08/11/2019 Ej.4 08/11/2019 Canje Libro